[Event "Berks & Bucks Reserves op"]
[Site "Maidenhead"]
[Date "2022.08.28"]
[Round "4"]
[White "White, Nigel1111"]
[Black "Parkes, Luca"]
[Result "0-1"]
[WhiteElo "1435"]
[BlackElo "1326"]
[PlyCount "130"]
[EventDate "2022.08.27"]
[EventType "swiss"]
[EventRounds "6"]
[EventCountry "ENG"]
[SourceTitle "EXT 2023"]
[Source "ChessBase"]
[SourceDate "2022.10.05"]
[SourceVersion "1"]
[SourceVersionDate "2022.10.05"]
[SourceQuality "1"]

1. e4 e5 2. Nf3 Nf6 3. Nxe5 d6 4. Nf3 Nxe4 5. d4 d5 6. Bd3 Nf6 7. 0-0 Be7 8. h3 0-0 9. Re1 b6 10. Nc3 Nbd7 11. a3 Re8 12. b4 a5 13. b5 Bd6 14. Bd2 Nf8 15. Ne2 Bd7 16. a4 Ng6 17. Bxg6 fxg6 18. Nc3 Bf5 19. Bg5 Qd7 20. Bxf6 Rxe1+ 21. Nxe1 gxf6 22. Nxd5 Bh2+ 23. Kxh2 Qxd5 24. c3 Re8 25. Qd2 Bc8 26. Nc2 Bb7 27. f3 Qd6+ 28. Kh1 Qg3 29. Rf1 Bd5 30. Ra1 Bxf3 31. gxf3 Qxf3+ 32. Qg2 Qxg2+ 33. Kxg2 Re2+ 34. Kf1 Rxc2 35. Ra3 Rh2 36. c4 Rd2 37. d5 Rc2 38. Rd3 f5 39. d6 cxd6 40. Rxd6 Rxc4 41. Rxb6 Rxa4 42. Rb8+ Kg7 43. b6 Rb4 44. b7 a4 45. Ra8 Rxb7 46. Rxa4 Rb2 47. Kg1 Kf6 48. h4 Rb6 49. Kg2 h6 50. Kg3 Re6 51. Rb4 Rc6 52. Ra4 Rc3+ 53. Kg2 Re3 54. Ra6+ Re6 55. Ra4 g5 56. hxg5+ hxg5 57. Kf3 g4+ 58. Kf4 Re4+ 59. Rxe4 fxe4 60. Kxe4 Kg5 61. Ke3 Kh4 62. Kf2 Kh3 63. Kg1 Kg3 64. Kh1 Kf2 65. Kh2 g3+ 0-1